| 000 | 00531nam a2200181Ia 4500 | ||
|---|---|---|---|
| 999 |
_c23117 _d23117 |
||
| 003 | OSt | ||
| 005 | 20200512095250.0 | ||
| 008 | 190216s9999||||xx |||||||||||||| ||und|| | ||
| 020 | _a9789839154955 | ||
| 040 | _coclc | ||
| 082 |
_a297.5 _bGHA/K |
||
| 100 |
_aAl - Ghazali _92196 |
||
| 245 | 0 |
_aKimiya-E Saadat The Alchemy Of Happiness / _cAl - Ghazali |
|
| 260 |
_bIslamic Book Trust, _c2007. _aKuala Lumpur: |
||
| 300 | _a114p | ||
| 650 | _aIslamic History | ||
| 942 |
_cBK _2ddc _h297.5 _iGHA/K _k297.5 _mGHA/K |
||